Business @ The Speed Of Thought Using A Digital Nervous System [Hardcover] / by Collins Hemingway (Record no. 345302)
[ view plain ]
| 000 -LEADER | |
|---|---|
| fixed length control field | 00426 a2200145 4500 |
| 003 - CONTROL NUMBER IDENTIFIER | |
| control field | OSt |
| 005 - DATE AND TIME OF LATEST TRANSACTION | |
| control field | 20180116182741.0 |
| 008 - FIXED-LENGTH DATA ELEMENTS--GENERAL INFORMATION | |
| fixed length control field | 160817b xxu||||| |||| 00| 0 eng d |
| 040 ## - CATALOGING SOURCE | |
| Transcribing agency | 0 |
| 100 ## - MAIN ENTRY--PERSONAL NAME | |
| Personal name | BILL GATES |
| 245 ## - TITLE STATEMENT | |
| Title | Business @ The Speed Of Thought Using A Digital Nervous System [Hardcover] / by Collins Hemingway |
| Statement of responsibility, etc. | Bill Gates. |
| 260 ## - PUBLICATION, DISTRIBUTION, ETC. | |
| Place of publication, distribution, etc. | ENGLAND |
| Name of publisher, distributor, etc. | Weily |
| Date of publication, distribution, etc. | 1999 |
| 300 ## - PHYSICAL DESCRIPTION | |
| Extent | 470 |
| 942 ## - ADDED ENTRY ELEMENTS (KOHA) | |
| Institution code [OBSOLETE] | NBS |
| Koha item type | Book |
| Call number prefix | 658.022 GAT |
| Source of classification or shelving scheme | |
| Withdrawn status | Lost status | Damaged status | Not for loan | Permanent Location | Current Location | Date acquired | Total Checkouts | Full call number | Barcode | Date last seen | Price effective from | Koha item type | Total Renewals | Checked out | Date last checked out |
|---|---|---|---|---|---|---|---|---|---|---|---|---|---|---|---|
| Central Library (CL) | Central Library (CL) | 08/28/2013 | 658.022 GAT | NBS2644 | 09/25/2013 | 08/28/2013 | Book | ||||||||
| Central Library (CL) | Central Library (CL) | 08/28/2013 | 1 | 658.022 GAT | NBS2645 | 11/06/2019 | 08/28/2013 | Book | 3 | 07/29/2024 | 06/07/2018 |
